| 000 | 00958 a2200301 4500 | ||
|---|---|---|---|
| 001 | 200002135 | ||
| 003 | TR-AnTOB | ||
| 005 | 20260211094906.0 | ||
| 008 | 101009b tu 000 0 | ||
| 020 | _a9756285141 | ||
| 040 |
_aTR-AnTOB _cTR-AnTOB |
||
| 041 | 0 | _atur | |
| 050 | 1 | 4 |
_aD31 _b.S262 2005 |
| 090 |
_aD31 _b.S262 2005 |
||
| 100 | 1 |
_aSandıklı, Atilla _9101905 |
|
| 245 | 0 | 0 |
_aGeleceğin süper gücü Çin : _buzakdoğu'daki entegrasyonlar ve Şangay İşbirliği Örgütü / _cAtilla Sandıklı, İlhan Güllü. |
| 264 | 1 |
_aİstanbul : _bTasam Yayınları, _c2005. |
|
| 300 |
_a352 s. ; _c21 cm. |
||
| 490 | 0 |
_aTasam Yayınları ; _aEkonomi serisi: _v3. |
|
| 504 | _aKaynakçalar dipnot olarak verimiştir. | ||
| 504 | _aIncludes bibliographical references. | ||
| 650 | 0 |
_aEkonomi _9123595 |
|
| 650 | 7 |
_aDünya politikası _2etuturkob _96466 |
|
| 650 | 7 |
_aEkonomi _xTarih _980031 |
|
| 700 | 1 |
_aGüllü, İlhan _970986 |
|
| 942 |
_cBK _2lcc |
||
| 999 |
_c200002135 _d28195 |
||